New Potential Cytotoxic and Antitumor Substances I. In Vitro Effect of Bikaverin and its Derivatives on Cells of Certain Tumors

Bibliographic Details
Main Authors: Fusková, A. (Author), Proksa, B. (Author), Fuska, Ján, 1928-2021 (Author)
Format: Article
Language:English

MARC

LEADER 00000nab a2200000ua 4500
001 vtls010827043
003 SK-MaSNL
005 20260303141057.0
008 230222s1975 xo |||||||||||||||||eng|
035 |a (urnnbn)urn:nbn:sk:snk:ar-a06b13 
035 |a urn:nbn:sk:snk-ab5syi 
035 |a (uuid)d5437057-92e5-47bb-a7b7-a3dac68b22c8 
040 |a SNKBUCL  |b slo  |c SNKBUCL  |e AACR2 
041 0 |a eng 
044 |a xo  |c SK 
100 1 |a Fusková, A.  |4 aut  |9 969401 
245 1 0 |a New Potential Cytotoxic and Antitumor Substances I. In Vitro Effect of Bikaverin and its Derivatives on Cells of Certain Tumors  |c A. Fusková, B. Proksa, J. Fuska 
700 1 |a Proksa, B.  |4 aut  |9 924568 
700 1 |a Fuska, Ján,  |d 1928-2021  |4 aut  |9 190790 
773 0 |t Neoplasma : journal of experimental and clinical oncology  |g Roč. 22, č. 3 (1975), s. 335-338 
958 |a OND 
958 |a EUIPO 
958 |a article5 
999 |c 1973821  |d 1975751